000 00517cam a2200205 4500
001 D15634
008 090401t1982 xxu||||| |||| 00| 0 eng d
035 _a(Sirsi) u24209
041 _aeng
050 _a622.1062
110 _aRoyal Institution of Chartered Surveyors
_94900
245 _aList of members and attached classes: 1982
260 _bRICS
_c1982
300 _a85p. 30cm
350 _a0
520 _aFiled in box RICS 1982/3A
710 _aMinerals Division
942 _n0
948 _c04/03/1997
999 _c88512
_d88512